000 00720nam a2200289Ia 4500
008 160321s9999||||xx |||||||||||||| ||und||
040 _cEnglish
082 _aXI.A/Dalal
082 _bBORI-52901
100 _aArdeshir Dalal
245 3 _aAn Alternative to Pakistan
260 _aLondon
260 _bOxford University Press
260 _c1945
300 _a12
300 _cE
300 _ePaperback
530 _u00069431.pdf
563 _aStudy
600 _aArdeshir Dalal
630 _aAn Alternative to Pakistan
650 _a"Politics, History and Historiography"
650 _aGeneral Indology
700 _aArdeshir Dalal
730 _aAn Alternative to Pakistan
942 _cBOOK
999 _c1364306
_d1364303